Ecology of the acanthocephala (Record no. 155888)

MARC details
000 -LEADER
fixed length control field 00683nam a2200217Ia 4500
008 - FIXED-LENGTH DATA ELEMENTS--GENERAL INFORMATION
fixed length control field 191130s2006##################000#0#eng##
020 ## - INTERNATIONAL STANDARD BOOK NUMBER
ISBN 9780521850087
082 ## - DEWEY DECIMAL CLASSIFICATION NUMBER
Classification number 592.33138 KEN
100 ## - MAIN ENTRY--AUTHOR NAME
Personal name Kennedy, Clive Russell
245 ## - TITLE STATEMENT
Title Ecology of the acanthocephala
Statement of responsibility, etc C.R. Kennedy
260 ## - PUBLICATION, DISTRIBUTION, ETC. (IMPRINT)
Place of publication Cambridge
Name of publisher Cambridge University Press
Year of publication 2006
300 ## - PHYSICAL DESCRIPTION
Number of Pages ix, 249 p. : ill., maps ; 24 cm
500 ## - GENERAL NOTE
General note Includes bibliographical references (p. 211-240) and index
650 ## - SUBJECT ADDED ENTRY--TOPICAL TERM
Topical Term Acanthocephala - Ecology
Topical Term Acanthocephala - Evolution
991 ## -
-- 208687
Holdings
Withdrawn status Lost status Damaged status Not for loan Home library Current library Shelving location Date acquired Full call number Accession Number Price effective from Koha item type
        Anna Centenary Library Anna Centenary Library 5TH FLOOR, B WING 12.10.2020 592.33138 KEN 247924 12.10.2020 English Books

Find us on the map